|
|
|
|
| LEADER |
01145nam a2200313 a 4500 |
| 001 |
000002156 |
| 003 |
CZ BrMZK |
| 005 |
20081016135708.0 |
| 007 |
ta |
| 008 |
930330s1993 xr abe f p 000 m cze d |
| 015 |
|
|
|a cnb000076556
|
| 020 |
|
|
|a 80-01-00945-9
|q (brož.) :
|c Kč 69,00
|
| 035 |
|
|
|a (OCoLC)85638873
|
| 040 |
|
|
|a BOA001
|b cze
|
| 080 |
9 |
|
|a 72
|
| 100 |
1 |
|
|a Kibic, Karel,
|d 1930-2023
|7 jk01060146
|4 aut
|
| 245 |
1 |
0 |
|a Dějiny architektury.
|n [Díl] 3.,
|p Architektura renesanční a barokní /
|c Karel Kibic
|
| 246 |
3 |
0 |
|a Architektura renesanční a barokní
|
| 250 |
|
|
|a 1. vyd.
|
| 260 |
|
|
|a Praha :
|b ČVUT,
|c 1993
|
| 300 |
|
|
|a 315 s. :
|b il., mapy, plány ;
|c 30 cm
|
| 504 |
|
|
|a Obsahuje bibliografii
|
| 500 |
|
|
|a 600 výt.
|
| 653 |
0 |
|
|a barokní architektura
|a evropská architektura
|a renesanční architektura
|
| 910 |
|
|
|a BOA001
|b 4-0987.990
|b TK-A-0251.987
|
| 920 |
|
|
|a 000165126
|
| 990 |
|
|
|a BK
|
| 996 |
7 |
|
|b 2610000254
|c 4-0987.990
|l MZK
|r Sklad / do 1 hodiny
|n 69
|p p.v. ; nelze digi.
|w 000002156
|u 000010
|a 1
|e BOA001
|j MZK50
|s A
|
| 996 |
7 |
|
|b 2629987514
|c TK-A-0251.987
|l MZK
|r Sklad / do 24 hodin
|n 24
|w 000002156
|u 000020
|a 1
|e BOA001
|j MZK50
|s A
|